Ética / (Registro nro. 10390)

Detalles MARC
000 -LIDER
fixed length control field 00736nam a22002537a 4500
001 - NÚMERO DE CONTROL
Identificador de número de control 0001506
003 - IDENTIFICACDOR DE NÚMERO DE CONTROL
control field DO-SdBNP
005 - DATE AND TIME OF LATEST TRANSACTION
control field 20180125091031.0
007 - CAMPOS FIJOS DE DESCRIPCIÓN FÍSICA
fixed length control field 0001506
008 - ELEMENTOS DE LONGITUD FIJA
fixed length control field 160615b 1969 mx xxu||||| |||| 00| 0 spa d
040 ## - FUENTE DE CATALOGACIÓN
Agencia que crea de manera original el registro BPMSU
Idioma de catalogación spa
Agencia que realiza la transcripción BPMSU
092 ## - LOCALLY ASSIGNED DEWEY DECIMAL CALL NUMBER
Número de clasificación xxxxxx
Número de ítem (Cutter) xxxxxx
100 1# - ASIENTO PRINCIPAL -- NOMBRE PERSONAL
Nombre personal Sánchez Vásquez, Adolfo
245 10 - MENCIÓN DE TITULO
Título Ética /
Mención de responsabilidad Adolfo Sánchez Vásquez.
250 ## - MENCIÓN DE EDICION
Mención de edición 40ª ed.
260 ## - PUBLICACIÓN, DISTRIBUCIÓN, ETC. (PIE DE IMPRENTA)
Lugar de publicación, distribución, etc México D. F. :
Nombre del editor, distribuidor, etc. Grijalbo,
Fecha de publicación, distribución, etc 1969.
300 ## - DESCRIPCIÓN FÍSICA
Extensión 244, [245] p.
Dimensiones 22 cm.
490 1# - MENCIÓN DE SERIES
Mención de serie Tratados y manuales Grijalbo
504 ## - NOTA DE BIBLIOGRAFÍA, ETC.
Bibliography, etc Bibliografía : p. 243 - [245]
830 #0 - ASIENTO SECUNDARIO DE SERIE--TÍTULO UNIFORME
Nombre de la parte o sección de una obra Tratados y manuales Grijalbo
942 ## - ADDED ENTRY ELEMENTS (KOHA)
Source of classification or shelving scheme Dewey Decimal Classification
Koha item type Libros
945 ## - INFORMACIÓN DE PROCESAMIENTO LOCAL
Información de procesamiento local inventariado, 2018 / dg
956 ## - LOCAL ELECTRONIC LOCATION AND ACCESS (OCLC)
Método de acceso LOPEREZ
Materiales especificados 10
Enlace 20160615
Campo enlazado y núm. de secuencia BPMSU
Nombre de host 00041
Existencias
Withdrawn status Lost status Source of classification or shelving scheme Damaged status Not for loan Home library Current library Date acquired Source of acquisition Total Checkouts Barcode Date last seen Copy number Price effective from Koha item type
    Dewey Decimal Classification     Biblioteca Pública Metropolitana Salomé Ureña Biblioteca Pública Metropolitana Salomé Ureña 06/15/2016 FUNDI   BPMSU16060194 06/15/2016 Ej. 1 06/15/2016 Libros